1838 1626 1932 1185 1513 1809 1108 1622 1431 1485 1926 1836 1100 1179 1415 1666 1834 1573 1800 1735 1267 1660 1974 1180 1026 1535 1801 1838 1546 1444 1616 1214 1400 1214 1545 1512 1492 1188 1453 1871 1033 1433 1777 1736 1287 1284 1289 1353 1284 1890 1516 1641 1573 1475 1198 1506 1752 1066 1209 1851 1982 1399 1632 1960 1319 1745 1249 1844 1215 1848 1664 1645 1292 1944 1513 1997 1929 1765 1148 1478 1573 1303 1609 1645 1466 1236 1847 1545 1592 1640 1283 1600 1033 1774 1089 1649 1473 1486 1098 BCNSPRNW ULIB Ver.6.0+V

เปลี่ยนเป็นภาษาไทย

Change to English
 แสดงรายละเอียดบรรณานุกรม
  กลับหน้าหลัก

Brief Record : Get Marc (ISO 2709) : E-mail record : QR code < ปิดหน้าต่าง
LEADER : 00000nam 2200000uu 4500
001    13399108039
003     ULIB
008    110215s2543||||th 000 0 tha d
020    9746644335
060 04 WY100^bข379ค 2543
245 00 คู่มือปฏิบัติการพยาบาล =^bNursing manual /^cบรรณาธิการ,ขวัญตา เกิดชูชื่น ... [และคนอื่นๆ]
246 31 Nursing manual
250    พิมพ์ครั้งที่ 15 ; แก้ไขและปรับปรุงครั้งที่ 5
260    กรุงเทพฯ :^bภาควิชาพยาบาลศาสตร์คณะแพทยศาสตร์โรงพยาบาลรามาธิบดี มหาวิทยาลัยมหิดล,^c2543
300    (15), 731 หน้า :^bภาพประกอบ :^c27 ซม.
504    บรรณานุกรม
650  2 Nursing, Practice
650  7 การพยาบาล^xคู่มือ
700 1  ขวัญตา เกิดชูชื่น,^eบรรณาธิการ
710 2  มหาวิทยาลัยมหิดล. ^bคณะแพทยศาสตร์โรงพยาบาลรามาธิบดี.^bภาควิชาพยาบาลศาสตร์
945    ^p0^l0^i020971
995    ทศพร
999 ^a ใช้งานได้ทุกระบบ
รายการนี้ยังไม่มีแท็ก
คุณยังไม่ได้ล็อกอิน คุณสามารถมีกิจกรรมร่วมกับเว็บไซต์ได้ แต่ต้องล็อกอินก่อน ::
  ล็อกอิน

รายการสื่อสารสนเทศ

ลำดับที่ ประเภท เลขเรียก/บาร์โค้ด สถานที่ สถานะ
- ไม่พบข้อมูล -

BibComment


ยังไม่เคยถูกคอมเมนท์

คอมเมนท์ทรัพยากรรายการนี้
  คอมเมนท์: คู่มือปฏิบัติการพ..


 Copyright 2026. Bcnsprnw @Library